The Creative problem solver : 12 smart tools to solve any business challenge.
| Main Author: | |
|---|---|
| Format: | Book |
| Published: |
New York:
Pearson,
2014.
|
| Subjects: |
| LEADER | 00543cam a2200169 7i4500 | ||
|---|---|---|---|
| 001 | 0000032293 | ||
| 005 | 20150427090000.0 | ||
| 020 | 0 | 0 | |a 9781292016184 |
| 090 | 0 | 0 | |a B 658.403 |b ATK (LRM) |
| 100 | 1 | 0 | |a Atkinson, Ian |
| 245 | 1 | 4 | |a The Creative problem solver : |b 12 smart tools to solve any business challenge. |
| 260 | 0 | 0 | |a New York: |b Pearson, |c 2014. |
| 300 | # | # | |a 160 pages. |
| 650 | 0 | 0 | |a Management |
| 650 | 0 | 0 | |a Problem solving |
| 999 | |a B000036056 |b Book |c Book |e Business Information Centre | ||
| 999 | |a 0000036056 |b Book |c Book |e Business Information Centre | ||


